Суламифь: Повести и рассказы; Яма; Суламифь; Нарцисс; Сильнее смерти; Сентиментальный роман; Счастье; Мученик моды; Сказка о затоптанном цветке; Леночка; Гранатовый браслет

Bibliografiske detaljer
Hovedforfatter: Куприн А. И. Александр Иванович
Sprog:russisk
Udgivet: Ярославль, Верхне-Волжское книжное изд-во, 1993
TOC:Яма; Суламифь;
Нарцисс; Сильнее смерти; Сентиментальный роман; Счастье; Мученик моды; Сказка о затоптанном цветке; Леночка; Гранатовый браслет;
Fag:
Format: MixedMaterials Bog
KOHA link:https://koha.lib.tpu.ru/cgi-bin/koha/opac-detail.pl?biblionumber=114816

MARC

LEADER 00000nam0a2200000 4500
001 114816
005 20231101215222.0
010 |a 5741504221 
020 |a RU  |b 93-25101 
035 |a (RuTPU)RU\TPU\book\124170 
090 |a 114816 
100 |a 20070426d1993 m a0rusy5003 ca 
101 0 |a rus 
102 |a RU 
105 |a a z 000ay 
200 1 |a Суламифь  |e Повести и рассказы  |f А. И. Куприн 
210 |a Ярославль  |c Верхне-Волжское книжное изд-во  |d 1993 
215 |a 413,[2] с.  |c ил.  |d 21 см 
464 |t Яма; Суламифь  |o повести 
464 |t Нарцисс; Сильнее смерти; Сентиментальный роман; Счастье; Мученик моды; Сказка о затоптанном цветке; Леночка; Гранатовый браслет  |o рассказы 
610 1 |a русская литература 
610 1 |a повести 
610 1 |a рассказы 
675 |a Р1  |z rus  |v 3 
700 1 |a Куприн  |b А. И.  |c русский писатель  |f 1870-1960  |g Александр Иванович  |2 stltpush  |3 (RuTPU)RU\TPU\pers\1015  |9 448 
801 0 |a RU  |b RuMRKP  |c 19950413  |g psbo 
801 1 |a RU  |b 63413507  |c 20070426  |g PSBO 
801 2 |a RU  |b 63413507  |c 20070816  |g PSBO 
942 |c BK